000 00294 a2200133 4500
001 62059
020 _a
040 _cAnchieta - Pituba
240 1 0 _aDer grosse
_ldeu / ger
245 1 0 _aDer grosse
300 _a16
650 4 _aLínguas germânicas (teutônicas) língua alemã
942 _cBK
999 _c62059
_d62059